[Event "European Senior Team Championship 2021"]
[Site "Don Giovanni hotel, Vinohradska 2733, Prague, Czech Republic"]
[Date "2021.09.04"]
[Round "6"]
[Board "3"]
[White "Dalling, Peter"]
[Black "Valtera, Jiri"]
[Result "0-1"]
[WhiteElo "1828"]
[BlackElo "1850"]
[PlyCount "0"]
[EventDate "2021.08.30"]
[EventType "team"]
[EventRounds "9"]
[EventCountry "ECX"]
[WhiteTeam "SWEDEN 2"]
[BlackTeam "OLDEST BOYS"]

1. e4 {[%clk 1:30:57]} c5 {[%clk 1:30:16]} 2. Nf3 {[%clk 1:31:21]} Nc6
{[%clk 1:30:35]} 3. d4 {[%clk 1:31:46]} cxd4 {[%clk 1:30:08]} 4. c3
{[%clk 1:32:09]} dxc3 {[%clk 1:27:53]} 5. Nxc3 {[%clk 1:32:29]} d6
{[%clk 1:28:06]} 6. Bc4 {[%clk 1:32:45]} Nf6 {[%clk 1:28:14]} 7. h3
{[%clk 1:32:21]} e6 {[%clk 1:28:23]} 8. Qe2 {[%clk 1:32:41]} a6 {[%clk 1:28:20]}
9. a4 {[%clk 1:32:55]} Be7 {[%clk 1:25:43]} 10. O-O {[%clk 1:31:29]} Qc7
{[%clk 1:24:32]} 11. Bf4 {[%clk 1:31:46]} O-O {[%clk 1:21:01]} 12. Rac1
{[%clk 1:30:44]} Bd7 {[%clk 1:12:51]} 13. Rfd1 {[%clk 1:28:08]} Ne5
{[%clk 1:08:25]} 14. Ba2 {[%clk 1:25:50]} Bc6 {[%clk 1:04:06]} 15. Nd4
{[%clk 1:21:32]} Ng6 {[%clk 0:57:39]} 16. Bg3 {[%clk 1:20:20]} Rfd8
{[%clk 0:50:45]} 17. h4 {[%clk 1:09:56]} Qa5 {[%clk 0:46:09]} 18. Bb3
{[%clk 1:02:26]} Rac8 {[%clk 0:40:07]} 19. Nf3 {[%clk 0:56:01]} Qb4
{[%clk 0:32:37]} 20. Bc4 {[%clk 0:52:38]} Bxa4 {[%clk 0:25:52]} 21. Nxa4
{[%clk 0:53:02]} Qxa4 {[%clk 0:26:08]} 22. Ng5 {[%clk 0:49:26]} b5
{[%clk 0:24:21]} 23. Bd3 {[%clk 0:48:39]} h6 {[%clk 0:23:37]} 24. Nf3
{[%clk 0:48:37]} Nh5 {[%clk 0:22:26]} 25. Ra1 {[%clk 0:45:51]} Qb4
{[%clk 0:21:28]} 26. Rxa6 {[%clk 0:45:45]} Nhf4 {[%clk 0:21:07]} 27. Qf1
{[%clk 0:43:23]} Nxd3 {[%clk 0:21:06]} 28. Qxd3 {[%clk 0:43:31]} Qxb2
{[%clk 0:20:55]} 29. Qf1 {[%clk 0:38:26]} b4 {[%clk 0:17:58]} 30. Rb1
{[%clk 0:36:28]} Qc3 {[%clk 0:17:22]} 31. Raa1 {[%clk 0:35:24]} Qc4
{[%clk 0:15:21]} 32. Qe1 {[%clk 0:35:08]} d5 {[%clk 0:15:01]} 33. e5
{[%clk 0:34:32]} h5 {[%clk 0:12:07]} 34. Qd2 {[%clk 0:27:37]} Ra8
{[%clk 0:10:21]} 35. Nd4 {[%clk 0:24:47]} Rxa1 {[%clk 0:09:26]} 36. Rxa1
{[%clk 0:25:12]} Bc5 {[%clk 0:09:09]} 37. Nc6 {[%clk 0:24:20]} Bxf2+
{[%clk 0:08:55]} 38. Bxf2 {[%clk 0:24:43]} Qxc6 {[%clk 0:08:57]} 39. Qxb4
{[%clk 0:24:20]} Nxe5 {[%clk 0:08:27]} 40. Qf4 {[%clk 0:24:32]} Nd3
{[%clk 0:07:50]} 41. Qe3 {[%clk 0:23:26]} Nxf2 {[%clk 0:07:52]} 42. Kxf2
{[%clk 0:23:34]} Qc2+ {[%clk 0:02:22]} 43. Kg1 {[%clk 0:20:53]} Qe4
{[%clk 0:01:06]} 44. Qb6 {[%clk 0:20:15]} Qxh4 {[%clk 0:01:10]}  0-1

[Event "European Senior Team Championship 2021"]
[Site "Don Giovanni hotel, Vinohradska 2733, Prague, Czech Republic"]
[Date "2021.09.04"]
[Round "6"]
[Board "4"]
[White "Lacha, Jan"]
[Black "Wihlborn, Bengt"]
[Result "1/2-1/2"]
[WhiteElo "1825"]
[BlackElo "1868"]
[PlyCount "0"]
[EventDate "2021.08.30"]
[EventType "team"]
[EventRounds "9"]
[EventCountry "ECX"]
[WhiteTeam "OLDEST BOYS"]
[BlackTeam "SWEDEN 2"]

1. e4 {[%clk 1:30:58]} c5 {[%clk 1:30:50]} 2. Nc3 {[%clk 1:31:22]} e6
{[%clk 1:30:44]} 3. g3 {[%clk 1:31:40]} Nc6 {[%clk 1:30:06]} 4. Bg2
{[%clk 1:32:00]} Nf6 {[%clk 1:29:15]} 5. f4 {[%clk 1:28:42]} d6 {[%clk 1:28:48]}
6. d3 {[%clk 1:25:18]} Be7 {[%clk 1:28:57]} 7. Nf3 {[%clk 1:25:25]} O-O
{[%clk 1:28:50]} 8. O-O {[%clk 1:25:38]} a6 {[%clk 1:27:40]} 9. h3
{[%clk 1:18:46]} Qc7 {[%clk 1:24:03]} 10. g4 {[%clk 1:17:41]} Re8
{[%clk 1:22:09]} 11. Ne2 {[%clk 1:14:17]} Rb8 {[%clk 1:21:35]} 12. Ng3
{[%clk 1:14:08]} Nd7 {[%clk 1:20:50]} 13. f5 {[%clk 0:53:14]} Nf8
{[%clk 1:20:34]} 14. Nh5 {[%clk 0:49:45]} f6 {[%clk 1:19:20]} 15. Bf4
{[%clk 0:45:44]} b5 {[%clk 1:14:46]} 16. Qd2 {[%clk 0:40:10]} Ne5
{[%clk 1:06:35]} 17. Rac1 {[%clk 0:37:06]} exf5 {[%clk 1:05:16]} 18. gxf5
{[%clk 0:35:41]} Bb7 {[%clk 1:04:57]} 19. Qf2 {[%clk 0:30:55]}  1/2-1/2

[Event "European Senior Team Championship 2021"]
[Site "Don Giovanni hotel, Vinohradska 2733, Prague, Czech Republic"]
[Date "2021.09.04"]
[Round "6"]
[Board "1"]
[White "Jeute, Peter"]
[Black "Modrova, Hana"]
[Result "1-0"]
[WhiteElo "1866"]
[BlackElo "1816"]
[PlyCount "0"]
[EventDate "2021.08.30"]
[EventType "team"]
[EventRounds "9"]
[EventCountry "ECX"]
[WhiteTeam "DRESDENER SPRINGER"]
[BlackTeam "CZECH REPUBLIC WOMEN"]

1. d4 {[%clk 1:30:57]} d6 {[%clk 1:30:44]} 2. Nf3 {[%clk 1:31:08]} Nf6
{[%clk 1:30:57]} 3. e3 {[%clk 1:30:06]} Bg4 {[%clk 1:30:54]} 4. Be2
{[%clk 1:30:00]} c6 {[%clk 1:30:13]} 5. b3 {[%clk 1:29:27]} Nbd7 {[%clk 1:29:29]}
6. Bb2 {[%clk 1:29:47]} e6 {[%clk 1:29:32]} 7. Nbd2 {[%clk 1:29:52]} Be7
{[%clk 1:27:22]} 8. O-O {[%clk 1:30:02]} d5 {[%clk 1:26:39]} 9. c4
{[%clk 1:27:45]} O-O {[%clk 1:25:20]} 10. h3 {[%clk 1:24:42]} Bh5
{[%clk 1:23:22]} 11. Ne5 {[%clk 1:24:46]} Bxe2 {[%clk 1:23:21]} 12. Qxe2
{[%clk 1:25:05]} Nxe5 {[%clk 1:08:31]} 13. dxe5 {[%clk 1:24:55]} Nd7
{[%clk 1:08:43]} 14. cxd5 {[%clk 1:23:53]} cxd5 {[%clk 1:08:54]} 15. e4
{[%clk 1:23:47]} Nb6 {[%clk 1:04:24]} 16. exd5 {[%clk 1:21:48]} Nxd5
{[%clk 1:04:17]} 17. Rfd1 {[%clk 1:18:42]} Qd7 {[%clk 0:44:23]} 18. Nc4
{[%clk 1:14:58]} Qb5 {[%clk 0:38:52]} 19. Qg4 {[%clk 1:10:08]} Rad8
{[%clk 0:32:31]} 20. Rd3 {[%clk 1:06:12]} g6 {[%clk 0:29:14]} 21. Rg3
{[%clk 1:05:18]} Bc5 {[%clk 0:17:02]} 22. h4 {[%clk 1:00:48]} Qe8
{[%clk 0:07:00]} 23. Rd1 {[%clk 0:51:11]} f5 {[%clk 0:04:41]} 24. Qf3
{[%clk 0:38:48]} Qe7 {[%clk 0:02:51]} 25. Rh3 {[%clk 0:37:46]} f4
{[%clk 0:02:46]} 26. Qg4 {[%clk 0:37:29]} Rf5 {[%clk 0:02:29]} 27. Kf1
{[%clk 0:26:29]} Kg7 {[%clk 0:02:14]} 28. Nd6 {[%clk 0:26:43]} Bxf2
{[%clk 0:01:29]} 29. Kxf2 {[%clk 0:25:05]} Ne3 {[%clk 0:01:51]} 30. Rxe3
{[%clk 0:22:38]} fxe3+ {[%clk 0:02:15]} 31. Kxe3 {[%clk 0:22:58]} Rff8
{[%clk 0:02:24]} 32. Ba3 {[%clk 0:19:47]} Qc7 {[%clk 0:02:33]} 33. Nc4
{[%clk 0:16:47]} Rxd1 {[%clk 0:02:36]} 34. Bxf8+ {[%clk 0:17:01]} Kxf8
{[%clk 0:03:02]} 35. Qxd1 {[%clk 0:17:24]} b5 {[%clk 0:03:21]} 36. Qd6+
{[%clk 0:17:41]}  1-0

[Event "European Senior Team Championship 2021"]
[Site "Don Giovanni hotel, Vinohradska 2733, Prague, Czech Republic"]
[Date "2021.09.04"]
[Round "6"]
[Board "2"]
[White "Pribylova, Ruzena"]
[Black "Mueckan, Friedbert"]
[Result "1/2-1/2"]
[WhiteElo "1810"]
[BlackElo "1883"]
[PlyCount "0"]
[EventDate "2021.08.30"]
[EventType "team"]
[EventRounds "9"]
[EventCountry "ECX"]
[WhiteTeam "CZECH REPUBLIC WOMEN"]
[BlackTeam "DRESDENER SPRINGER"]

1. Nf3 {[%clk 1:30:54]} Nf6 {[%clk 1:30:48]} 2. g3 {[%clk 1:30:54]} d5 3. d4
{[%clk 1:30:43]} e6 {[%clk 1:30:00]} 4. Bg2 {[%clk 1:28:36]} Nbd7
{[%clk 1:30:10]} 5. O-O {[%clk 1:28:23]} c6 {[%clk 1:29:20]} 6. Nc3
{[%clk 1:24:55]} Bd6 {[%clk 1:29:21]} 7. Re1 {[%clk 1:25:01]} O-O
{[%clk 1:28:25]} 8. e4 {[%clk 1:24:37]} Bb4 {[%clk 1:28:40]} 9. exd5
{[%clk 1:23:09]} exd5 {[%clk 1:26:28]} 10. Bd2 {[%clk 1:22:11]} Bxc3
{[%clk 1:26:38]} 11. Bxc3 {[%clk 1:22:18]} Ne4 12. Bb4 {[%clk 1:20:27]} Re8
{[%clk 1:26:54]} 13. Nd2 {[%clk 1:11:16]} Ndf6 {[%clk 1:19:17]} 14. Nxe4
{[%clk 1:07:20]} dxe4 {[%clk 1:17:46]} 15. c4 {[%clk 1:05:42]} Bf5
{[%clk 1:15:20]} 16. Qd2 {[%clk 1:04:48]} Qd7 {[%clk 1:12:04]} 17. Rac1
{[%clk 0:59:51]} Rad8 {[%clk 1:08:44]} 18. Bc3 {[%clk 0:56:06]} Qe6
{[%clk 1:04:41]} 19. b3 {[%clk 0:55:48]} h6 {[%clk 0:52:05]}  1/2-1/2

[Event "European Senior Team Championship 2021"]
[Site "Don Giovanni hotel, Vinohradska 2733, Prague, Czech Republic"]
[Date "2021.09.04"]
[Round "6"]
[Board "3"]
[White "Kretschmer, Wolfgang"]
[Black "Sunkova, Marie"]
[Result "0-1"]
[WhiteElo "1731"]
[BlackElo "1813"]
[PlyCount "0"]
[EventDate "2021.08.30"]
[EventType "team"]
[EventRounds "9"]
[EventCountry "ECX"]
[WhiteTeam "DRESDENER SPRINGER"]
[BlackTeam "CZECH REPUBLIC WOMEN"]

1. d4 {[%clk 1:30:56]} d5 {[%clk 1:30:49]} 2. c4 {[%clk 1:31:17]} c6
{[%clk 1:31:08]} 3. Nf3 {[%clk 1:31:15]} Nf6 {[%clk 1:30:48]} 4. Bg5
{[%clk 1:31:08]} e6 {[%clk 1:30:38]} 5. Nc3 {[%clk 1:30:07]} Be7 {[%clk 1:30:34]}
6. e3 {[%clk 1:30:21]} Nbd7 {[%clk 1:30:12]} 7. Bd3 {[%clk 1:29:55]} dxc4
{[%clk 1:29:58]} 8. Bxc4 {[%clk 1:30:19]} b5 {[%clk 1:29:29]} 9. Bd3
{[%clk 1:26:57]} Bb7 {[%clk 1:28:43]} 10. O-O {[%clk 1:27:03]} a6
{[%clk 1:28:43]} 11. Rc1 {[%clk 1:19:57]} c5 {[%clk 1:25:42]} 12. Bb1
{[%clk 1:14:19]} O-O {[%clk 1:19:25]} 13. Re1 {[%clk 1:03:17]} Rc8
{[%clk 1:16:34]} 14. dxc5 {[%clk 0:56:56]} Nxc5 {[%clk 1:13:22]} 15. Qxd8
{[%clk 0:50:14]} Rfxd8 {[%clk 1:13:30]} 16. Rcd1 {[%clk 0:48:15]} h6
{[%clk 1:12:08]} 17. Bf4 {[%clk 0:46:58]} Nce4 {[%clk 1:09:34]} 18. Ne2
{[%clk 0:43:21]} Bb4 {[%clk 1:01:21]} 19. Rxd8+ {[%clk 0:39:54]} Rxd8
{[%clk 1:01:13]} 20. Rc1 {[%clk 0:38:08]} Ba5 {[%clk 0:59:17]} 21. Ned4
{[%clk 0:30:53]} g5 {[%clk 0:54:35]} 22. Bg3 {[%clk 0:29:24]} Nxg3
{[%clk 0:54:10]} 23. hxg3 {[%clk 0:29:51]} Kf8 {[%clk 0:50:48]} 24. Kf1
{[%clk 0:29:17]} Bb6 {[%clk 0:49:14]} 25. a3 {[%clk 0:27:02]} Rd6
{[%clk 0:44:37]} 26. b4 {[%clk 0:25:14]} Ke8 {[%clk 0:42:31]} 27. Nb3
{[%clk 0:21:29]} Rc6 {[%clk 0:37:30]} 28. Rxc6 {[%clk 0:16:17]} Bxc6
{[%clk 0:37:51]} 29. Ke2 {[%clk 0:13:44]} Ke7 {[%clk 0:36:19]} 30. Ne1
{[%clk 0:11:38]} Kd6 {[%clk 0:32:29]} 31. f3 {[%clk 0:11:13]} Nd5
{[%clk 0:32:30]} 32. Be4 {[%clk 0:06:39]} Nxe3 {[%clk 0:29:32]} 33. Bxc6
{[%clk 0:05:01]} Kxc6 {[%clk 0:29:43]} 34. g4 {[%clk 0:05:24]} Nc4
{[%clk 0:27:52]} 35. Nc2 {[%clk 0:05:40]} Kd5 {[%clk 0:27:18]} 36. Kd3
{[%clk 0:05:08]} f5 {[%clk 0:26:00]} 37. gxf5 {[%clk 0:05:10]} exf5
{[%clk 0:26:20]} 38. Ke2 {[%clk 0:04:52]} h5 {[%clk 0:26:04]} 39. Nc1
{[%clk 0:04:47]} Bd4 {[%clk 0:21:16]} 40. Nd3 {[%clk 0:03:44]} Bb6
{[%clk 0:19:14]} 41. Nde1 {[%clk 0:00:42]} h4 {[%clk 0:18:18]} 42. Nd3
{[%clk 0:29:54]} g4 {[%clk 0:47:28]} 43. fxg4 {[%clk 0:28:43]} fxg4
{[%clk 0:47:44]} 44. Nf4+ {[%clk 0:26:23]} Ke4 {[%clk 0:47:25]} 45. Ng6
{[%clk 0:25:49]} h3 {[%clk 0:47:11]}  0-1

[Event "European Senior Team Championship 2021"]
[Site "Don Giovanni hotel, Vinohradska 2733, Prague, Czech Republic"]
[Date "2021.09.04"]
[Round "6"]
[Board "1"]
[White "Lomer, Edmund"]
[Black "Fiser, Jiri"]
[Result "1/2-1/2"]
[WhiteElo "2013"]
[BlackElo "1815"]
[PlyCount "0"]
[EventDate "2021.08.30"]
[EventType "team"]
[EventRounds "9"]
[EventCountry "ECX"]
[WhiteTeam "GERMAN NORTH TEAM"]
[BlackTeam "CAISSA ROZTOKY"]

1. Nf3 {[%clk 1:30:50]} f5 {[%clk 1:30:47]} 2. g3 {[%clk 1:31:08]} Nf6
{[%clk 1:31:15]} 3. d4 {[%clk 1:31:21]} d5 {[%clk 1:31:23]} 4. Bg2
{[%clk 1:31:37]} e6 {[%clk 1:31:42]} 5. O-O {[%clk 1:31:48]} Bd6 {[%clk 1:31:56]}
6. c4 {[%clk 1:31:27]} c6 {[%clk 1:32:19]} 7. Qb3 {[%clk 1:30:54]} O-O
{[%clk 1:32:12]} 8. Bg5 {[%clk 1:30:45]} h6 {[%clk 1:28:18]} 9. Bxf6
{[%clk 1:30:17]} Qxf6 {[%clk 1:28:45]} 10. e3 {[%clk 1:30:14]} Nd7
{[%clk 1:27:03]} 11. Nc3 {[%clk 1:27:52]} g5 {[%clk 1:26:26]} 12. Rad1
{[%clk 1:27:03]} Kg7 {[%clk 1:20:05]} 13. a3 {[%clk 1:25:31]} b6 {[%clk 1:17:09]}
14. Rfe1 {[%clk 1:23:28]} Ba6 {[%clk 1:11:33]} 15. cxd5 {[%clk 1:22:53]} exd5
{[%clk 1:11:52]} 16. Qa4 {[%clk 1:22:07]} Nb8 {[%clk 1:09:55]} 17. Ne5
{[%clk 1:15:57]} Bb7 {[%clk 1:07:47]} 18. Nd3 {[%clk 1:11:32]} Qf7
{[%clk 0:58:00]} 19. b4 {[%clk 1:09:56]} a6 {[%clk 0:51:59]} 20. Qb3
{[%clk 1:08:57]} Nd7 {[%clk 0:51:26]} 21. Qb2 {[%clk 1:08:11]} Rae8
{[%clk 0:49:59]} 22. a4 {[%clk 1:04:44]} Re7 {[%clk 0:37:27]} 23. b5
{[%clk 1:04:46]} cxb5 {[%clk 0:37:51]} 24. axb5 {[%clk 1:04:48]} a5
{[%clk 0:38:16]} 25. Qb3 {[%clk 1:03:53]} Nf6 {[%clk 0:38:43]} 26. Na4
{[%clk 1:02:26]} Bc7 {[%clk 0:35:16]} 27. Ne5 {[%clk 1:01:36]} Qe6
{[%clk 0:31:33]} 28. Rc1 {[%clk 1:01:14]} Bxe5 {[%clk 0:24:28]} 29. dxe5
{[%clk 1:01:29]} Ne4 {[%clk 0:23:35]} 30. Bxe4 {[%clk 0:58:58]} fxe4
{[%clk 0:22:48]} 31. Qc3 {[%clk 0:57:46]} Qxe5 {[%clk 0:18:27]} 32. Nxb6
{[%clk 0:56:37]} Qxc3 {[%clk 0:16:41]} 33. Rxc3 {[%clk 0:56:54]} Rf6 34. Na4 Ref7
{[%clk 0:11:21]} 35. Re2 {[%clk 0:56:48]} Rd6 {[%clk 0:07:06]} 36. Rd2
{[%clk 0:57:02]} Kf6 {[%clk 0:06:22]} 37. Kf1 {[%clk 0:57:14]} Ke5
{[%clk 0:06:36]} 38. Ke1 {[%clk 0:57:19]} h5 {[%clk 0:05:14]} 39. Rdc2
{[%clk 0:57:08]} d4 {[%clk 0:03:00]} 40. Rc5+ {[%clk 0:57:01]} Ke6
{[%clk 0:01:16]} 41. exd4 {[%clk 0:55:37]} Rxd4 {[%clk 0:01:32]} 42. R5c4
{[%clk 0:55:47]} Rxc4 {[%clk 0:28:39]} 43. Rxc4 {[%clk 1:26:13]} Bd5
{[%clk 0:27:26]} 44. Rc8 {[%clk 1:25:42]} h4 {[%clk 0:17:08]} 45. gxh4
{[%clk 1:22:40]} gxh4 {[%clk 0:17:37]} 46. Rh8 {[%clk 1:22:33]} Kd6
{[%clk 0:09:58]} 47. Rxh4 {[%clk 1:21:39]} Rf3 {[%clk 0:08:56]} 48. Rh6+
{[%clk 1:21:50]} Kc7 {[%clk 0:09:08]} 49. Ra6 {[%clk 1:19:32]} e3
{[%clk 0:09:06]} 50. fxe3 Rxe3+ 51. Kf2 {[%clk 1:16:56]} Rf3+ {[%clk 0:08:25]}
52. Ke2 {[%clk 1:17:04]} Rh3 {[%clk 0:07:16]} 53. Ke1 {[%clk 1:15:22]} Rxh2
{[%clk 0:07:03]} 54. Rxa5 {[%clk 1:15:21]} Ra2 {[%clk 0:05:18]} 55. b6+
{[%clk 1:13:57]} Kb8 {[%clk 0:05:30]} 56. Rxd5 {[%clk 1:11:53]} Rxa4
{[%clk 0:05:59]}  1/2-1/2

[Event "European Senior Team Championship 2021"]
[Site "Don Giovanni hotel, Vinohradska 2733, Prague, Czech Republic"]
[Date "2021.09.04"]
[Round "6"]
[Board "2"]
[White "Tejkal, Jiri"]
[Black "Van Bentum, Horst"]
[Result "1/2-1/2"]
[WhiteElo "1869"]
[BlackElo "1989"]
[PlyCount "0"]
[EventDate "2021.08.30"]
[EventType "team"]
[EventRounds "9"]
[EventCountry "ECX"]
[WhiteTeam "CAISSA ROZTOKY"]
[BlackTeam "GERMAN NORTH TEAM"]

1. d4 {[%clk 1:30:51]} Nf6 {[%clk 1:30:50]} 2. Nf3 {[%clk 1:30:53]} e6
{[%clk 1:30:58]} 3. Bf4 {[%clk 1:30:00]} d5 {[%clk 1:29:36]} 4. e3
{[%clk 1:27:21]} c5 {[%clk 1:27:53]} 5. c3 {[%clk 1:26:59]} Nc6 {[%clk 1:26:53]}
6. Nbd2 {[%clk 1:26:27]} Bd6 {[%clk 1:25:24]} 7. Bg3 {[%clk 1:26:39]} Bxg3
{[%clk 1:24:45]} 8. hxg3 {[%clk 1:26:58]} Qd6 {[%clk 1:24:01]} 9. Bd3
{[%clk 1:21:20]} e5 {[%clk 1:22:10]} 10. dxe5 {[%clk 1:19:18]} Nxe5
{[%clk 1:22:09]} 11. Nxe5 {[%clk 1:17:46]} Qxe5 {[%clk 1:22:22]} 12. Nf3
{[%clk 1:16:28]} Qe7 {[%clk 1:19:33]} 13. Bb5+ {[%clk 1:12:35]} Bd7
{[%clk 1:18:58]} 14. Qa4 {[%clk 1:09:49]} a6 {[%clk 1:18:38]} 15. Bxd7+
{[%clk 1:09:49]}  1/2-1/2

[Event "European Senior Team Championship 2021"]
[Site "Don Giovanni hotel, Vinohradska 2733, Prague, Czech Republic"]
[Date "2021.09.04"]
[Round "6"]
[Board "3"]
[White "Kundt, Guenther"]
[Black "Halla, Jiri"]
[Result "1/2-1/2"]
[WhiteElo "1751"]
[BlackElo "1759"]
[PlyCount "0"]
[EventDate "2021.08.30"]
[EventType "team"]
[EventRounds "9"]
[EventCountry "ECX"]
[WhiteTeam "GERMAN NORTH TEAM"]
[BlackTeam "CAISSA ROZTOKY"]

1. d4 {[%clk 1:30:53]} Nf6 {[%clk 1:30:54]} 2. c4 {[%clk 1:31:15]} g6
{[%clk 1:31:18]} 3. Nc3 {[%clk 1:31:40]} Bg7 {[%clk 1:31:42]} 4. e4
{[%clk 1:32:02]} d6 {[%clk 1:32:08]} 5. Be2 {[%clk 1:31:58]} O-O {[%clk 1:32:02]}
6. Bg5 {[%clk 1:30:48]} c6 {[%clk 1:30:22]} 7. h4 {[%clk 1:15:29]} h6
{[%clk 1:16:54]} 8. Be3 {[%clk 1:12:17]} e5 {[%clk 1:04:31]} 9. d5
{[%clk 1:02:55]} Na6 {[%clk 0:57:31]} 10. f3 {[%clk 0:56:29]} Nh5
{[%clk 0:48:02]} 11. Bf2 {[%clk 0:40:44]} Nc7 {[%clk 0:44:46]} 12. g3
{[%clk 0:37:40]} a6 {[%clk 0:38:28]} 13. f4 {[%clk 0:32:53]} exf4
{[%clk 0:26:54]} 14. Bxh5 {[%clk 0:32:34]} fxg3 {[%clk 0:26:40]} 15. Bxg3
{[%clk 0:32:28]} gxh5 {[%clk 0:26:58]} 16. dxc6 {[%clk 0:22:34]} bxc6
{[%clk 0:26:02]}  1/2-1/2

[Event "European Senior Team Championship 2021"]
[Site "Don Giovanni hotel, Vinohradska 2733, Prague, Czech Republic"]
[Date "2021.09.04"]
[Round "6"]
[Board "4"]
[White "Macoun, Jiri"]
[Black "Geibel, Henning"]
[Result "1-0"]
[WhiteElo "1718"]
[BlackElo "1446"]
[PlyCount "0"]
[EventDate "2021.08.30"]
[EventType "team"]
[EventRounds "9"]
[EventCountry "ECX"]
[WhiteTeam "CAISSA ROZTOKY"]
[BlackTeam "GERMAN NORTH TEAM"]

1. e4 {[%clk 1:30:51]} e5 {[%clk 1:30:53]} 2. Bc4 {[%clk 1:31:12]} Nf6
{[%clk 1:30:47]} 3. d3 {[%clk 1:31:38]} h6 {[%clk 1:30:55]} 4. Nc3
{[%clk 1:31:53]} Bc5 {[%clk 1:30:39]} 5. a3 {[%clk 1:32:01]} O-O {[%clk 1:30:51]}
6. h3 {[%clk 1:32:23]} c6 {[%clk 1:30:35]} 7. f4 {[%clk 1:32:21]} exf4
{[%clk 1:30:22]} 8. Bxf4 {[%clk 1:32:42]} b5 {[%clk 1:29:45]} 9. Ba2
{[%clk 1:33:02]} Qb6 {[%clk 1:29:22]} 10. Nf3 {[%clk 1:33:04]} Bf2+
{[%clk 1:28:28]} 11. Ke2 {[%clk 1:33:21]} Bd4 {[%clk 1:28:13]} 12. Nxd4
{[%clk 1:32:29]} Qxd4 {[%clk 1:28:22]} 13. Rf1 {[%clk 1:32:54]} Re8
{[%clk 1:26:43]} 14. Be3 {[%clk 1:33:06]} Qe5 {[%clk 1:26:08]} 15. Rf5
{[%clk 1:32:26]} Qg3 {[%clk 1:25:14]} 16. Qf1 {[%clk 1:32:47]} Qg6
{[%clk 1:23:45]} 17. Bd4 {[%clk 1:30:38]} d5 {[%clk 1:23:12]} 18. Rf4
{[%clk 1:29:08]} Qh5+ {[%clk 1:21:52]} 19. Kd2 {[%clk 1:29:11]} Qg6
{[%clk 1:21:11]} 20. Bxf6 {[%clk 1:29:27]} dxe4 {[%clk 1:20:54]} 21. Nxe4
{[%clk 1:29:16]} Nd7 {[%clk 1:20:24]} 22. Bc3 {[%clk 1:28:51]} Rf8
{[%clk 1:17:43]} 23. Rg4 {[%clk 1:27:32]} Qh7 {[%clk 1:15:28]} 24. Bxg7
{[%clk 1:27:57]} Nb6 {[%clk 1:14:01]} 25. Nf6# {[%clk 1:28:10]}  1-0